कारगिल का सच / (Record no. 65221)

MARC details
000 -LEADER
fixed length control field 01061nam a22002297a 4500
005 - DATE AND TIME OF LATEST TRANSACTION
control field 20120418131936.0
008 - FIXED-LENGTH DATA ELEMENTS--GENERAL INFORMATION
fixed length control field 081106t xxu||||| |||| 00| 0 hin d
010 ## - LCCN (DPL NO)
LC control number
020 ## - INTERNATIONAL STANDARD BOOK NUMBER
Terms of availability 225.00
International Standard Book Number 8170434236
035 ## - SYSTEM CONTROL NUMBER
System control number B-244381
037 ## - SOURCE OF ACQUISITION
Source of stock number/acquisition DBAD / PUB
040 ## - CATALOGING SOURCE
Original cataloging agency DPL
Language of cataloging HN
082 ## - DEWEY DECIMAL CLASSIFICATION NUMBER
Classification number 355.02
100 ## - MAIN ENTRY--PERSONAL NAME
Personal name रंजीत कुमार
9 (RLIN) 45321
245 ## - TITLE STATEMENT
Title कारगिल का सच /
Statement of responsibility, etc रंजीत कुमार
246 ## - VARYING FORM OF TITLE
Title proper/short title Kargil kaa sacha
Remainder of title by Ranjeet Kumar
260 ## - PUBLICATION, DISTRIBUTION, ETC. (IMPRINT)
Place of publication, distribution, etc दिल्ली
Name of publisher, distributor, etc आत्माराम एण्ड संस
Date of publication, distribution, etc 2006
270 ## - ADDRESS
Address 1376,कश्मीरी गेट
City दिल्ली
Postal code 110006
Telephone number 011-23946466, 23973082
Electronic mail address atmaram_books@hotmail.com
300 ## - PHYSICAL DESCRIPTION
Extent 225 पृ.
Dimensions 22सेमी(सजिल्द)
Other physical details फोटो ( श्वेत और श्याम )
942 ## - ADDED ENTRY ELEMENTS (KOHA)
Source of classification or shelving scheme Dewey Decimal Classification
Item type Hindi Books
Call number suffix रंजीत
Classification part 355.02
Holdings
Withdrawn status Lost status Source of classification or shelving scheme Damaged status Not for loan Collection code Home library Current library Date acquired Cost, normal purchase price Total Checkouts Full call number Barcode Date last seen Cost, replacement price Koha item type
    Dewey Decimal Classification     Non-fiction Sarojini Nagar Sarojini Nagar 18/04/2012 225.00   355.02 रंजीत B-244381 18/04/2012 225.00 Hindi Books

© Delhi Public Library
Hit Counter
free hit counter